La heterogeneidad de las políticas sociales en México : instituciones, derechos sociales y territorio /
Gardado en:
| Autor Principal: | |
|---|---|
| Outros autores: | , |
| Formato: | Libro |
| Idioma: | Lingua castelá |
| Publicado: |
Guadalajara, México : México :
ITESO ; Universidad Iberoamericana, Plantel Santa Fe,
2016, c2016
|
| Temas: | |
| Etiquetas: |
Sen Etiquetas, Sexa o primeiro en etiquetar este rexistro!
|
MARC
| LEADER | 00000nam^a2200000^a^4500 | ||
|---|---|---|---|
| 001 | 000392727 | ||
| 005 | 20250521000000.0 | ||
| 009 | 20260310121250.624 | ||
| 020 | |a 978-607-9473-31-0 | ||
| 020 | |a 978-607-417-365-9 | ||
| 037 | |a Acervo Xavier Clavigero | ||
| 041 | |a ESP | ||
| 082 | |a 320. 97207 |b MAR | ||
| 100 | |a Martínez Martínez, Oscar Alfonso |e (coord.) | ||
| 245 | 1 | 3 | |a La heterogeneidad de las políticas sociales en México : |b instituciones, derechos sociales y territorio / |c Coord. de O.A. Martínez Martínez, E. Valencia Lomelí, L.I. Román Morales. |
| 264 | 4 | |a Guadalajara, México : |b ITESO ; |a México : |b Universidad Iberoamericana, Plantel Santa Fe, |c 2016, c2016 | |
| 300 | |a 2 v. (414, 397 p.) | ||
| 336 | |a texto |b txt |2 rdacontenido | ||
| 337 | |a sin mediación |b n |2 rdamedio | ||
| 338 | |a volumen |b nc |2 rdasoporte | ||
| 649 | |a XX | ||
| 650 | |a Niños - |z México - |x Condiciones Sociales y Culturales | ||
| 650 | |a Adolescentes - |z México - |x Condiciones Sociales y Culturales | ||
| 650 | |a Jóvenes - |z México - |x Condiciones Sociales y Culturales | ||
| 650 | |a Ancianos - |z México - |x Condiciones Sociales y Culturales | ||
| 650 | |a Igualdad y Desigualdad - |z México | ||
| 650 | |a Pobreza - |z México | ||
| 650 | |a Agua Potable - |z México - |x Aspectos Políticos | ||
| 650 | |a Ordenación Territorial - |z México | ||
| 650 | |a Bienestar - |z México | ||
| 650 | |a Programas Gubernamentales Institucionalizados - |z México | ||
| 650 | |a Política Alimentaria - |z México | ||
| 650 | |a Política y Salud Pública - |z México | ||
| 650 | |a Política Laboral - |z México | ||
| 650 | |a Política Educativa - |z México | ||
| 650 | |a Política Urbana - |z México | ||
| 650 | |a Política Social - |z México - |x Tema Principal | ||
| 650 | |a Política Social - |z Latinoamérica | ||
| 650 | |a Políticas Públicas - |z México | ||
| 650 | |a Desarrollo Económico-Social - |z México | ||
| 650 | |a Economía Social - |z México | ||
| 650 | |a Economía - |z México - |x Historia - |y Siglo XXI | ||
| 650 | |a Política - |z México - |x Historia - |y Siglo XXI | ||
| 650 | |a México - |x Condiciones Políticas | ||
| 650 | |a México - |x Condiciones Económicas | ||
| 650 | |a México - |x Condiciones Sociales y Culturales - |x Tema Principal | ||
| 700 | |a Valencia Lomelí, Enrique |e (coordinación) | ||
| 700 | |a Román Morales, Luis Ignacio |e (coordinación) | ||
| 910 | |a Fondo General | ||
| 920 | |a Impresos - Libros | ||
| 930 | |a Colección General | ||
| 905 | |a 101 | ||
| 901 | |a 0500287463 |b IT1 |c ACC |i FXC D2938 |u 20250521 | ||
| 901 | |a 0500287485 |b IT1 |c ACC |i FXC D2939 |u 20250521 | ||
| 902 | |a https://opac.biblio.iteso.mx/vufind/Record/000392727 | ||